Normal view
MARC view
Entry Personal Name
001 - CONTROL NUMBER
- control field: 48143
003 - CONTROL NUMBER IDENTIFIER
- control field: ARRUPE
005 - DATE AND TIME OF LATEST TRANSACTION
- control field: 20190919094828.0
008 - FIXED-LENGTH DATA ELEMENTS
- fixed length control field: 190919|| aca||aabn | a|a d
040 ## - CATALOGING SOURCE
- Original cataloging agency: ARRUPE
- Transcribing agency: ARRUPE
100 ## - HEADING--PERSONAL NAME
- Personal name: Mukabva, Adam
670 ## - SOURCE DATA FOUND
- Source citation: Work cat.: (ARRUPE): Mukabva, Adam, A critical analysis of the logic and reasoning behind colonial education in Africa and its consequences to African reasoning and way of life , 2015